Cousins and strangers : Spanish immigrants in Buenos Aires, 1850-1930 /

Disimpan dalam:
Butiran Bibliografi
Pengarang Utama: Moya, Jose C., 1952-
Format: Buku
Bahasa:English
Diterbitkan: Berkeley : University of California Press, c1998.
Subjek-subjek:
Penanda-penanda: Tambah Penanda
Tiada Penanda, Jadilah orang pertama menanda rekod ini!
LEADER 01241cam a22003258a 4500
001 007700357-8
005 20170426022033.0
008 960606s1998 cauab b s001 0 eng
010 |a  96026731  
020 |a 0520072294 (cloth : alk. paper) 
020 |a 0520215265 (pbk. : alk. paper) 
035 0 |a ocm34984227 
040 |a DLC  |c DLC  |d DLC 
043 |a s-ag---  |a e-sp--- 
050 0 0 |a F3001.9.S7  |b M6 1997 
082 0 0 |a 982/.00461  |2 20 
100 1 |a Moya, Jose C.,  |d 1952- 
245 1 0 |a Cousins and strangers :  |b Spanish immigrants in Buenos Aires, 1850-1930 /  |c Jose C. Moya. 
260 |a Berkeley :  |b University of California Press,  |c c1998. 
300 |a xviii, 567 p. :  |b ill., maps ;  |c 24 cm. 
504 |a Includes bibliographical references (p. 423-542) and index. 
650 0 |a Spaniards  |z Argentina  |z Buenos Aires  |x History. 
650 0 |a Immigrants  |z Argentina  |z Buenos Aires  |x History. 
650 0 |a Spaniards  |x Cultural assimilation  |z Argentina  |z Buenos Aires. 
650 0 |a Social adjustment  |z Argentina  |z Buenos Aires. 
651 0 |a Spain  |x Emigration and immigration  |x History. 
651 0 |a Argentina  |x Emigration and immigration  |x History. 
651 0 |a Buenos Aires (Argentina)  |x Ethnic relations. 
988 |a 20020608 
906 |0 DLC